00688nam a22002177a 450000100060000000300090000600500170001500800410003204000280007308200240010124500290012526000490015430000390020350000460024250000610028850500120034965000390036165000310040065100110043171000280044211180BD-DhUAP20200217113755.0200217s2004 ii ar w 0 a0eng c aMULbengcMULdBD-DhUAP 223 a348.54046 ALL 00aAll India reporter 2004. aNagpur, India :bAll India Reporter, c2004. avolumes :billustrations ;c25 cm. aSome of the volumes have on spine: A.I.R. aIncludes also text of acts, articles, book reviews, etc. aV. 91-- 0aLaw reports, digests, etc.zIndia. 7aLaw reports, digests, etc. 7aIndia.2 aAll India Reporter Ltd.